[Event "AUTO-MASTER-1636"]
[Site "http://www.queenalice.com/game.php?id=1051684"]
[Date "2012.4.22"]
[Round "1"]
[White "sampaio2011"]
[Black "marolideus"]
[Result "1-0"]
[WhiteElo "1901"]
[BlackElo "1906"]

1. d4 Nf6 2. Nf3 d5 3. Bg5 Ne4 4. Bf4 c5 5. Nbd2 f6 6. e3 Nc6 7. Bb5 Nxd2 8.
Qxd2 Qb6 9. Bxc6+ Qxc6 10. O-O g5 11. Bg3 h5 12. h4 g4 13. Ne1 c4 14. c3 Bf5 15.
Nc2 a5 16. b4 a4 17. a3 Bg7 18. Rae1 Bd3 19. e4 dxe4 20. Ne3 e6 21. f4 Bxf1 22.
Kxf1 f5 23. Qe2 Rd8 24. Rd1 b5 25. Kg1 O-O 26. Kh2 e5 27. dxe5 Rd3 28. Rxd3 cxd3
29. Qd2 Qe6 30. Be1 g3+ 31. Kxg3 Bxe5 32. fxe5 f4+ 33. Kh2 1-0

[Event "AUTO-MASTER-1636"]
[Site "http://www.queenalice.com/game.php?id=1051695"]
[Date "2012.4.22"]
[Round "1"]
[White "carlosfed"]
[Black "sampaio2011"]
[Result "0-1"]
[WhiteElo "1929"]
[BlackElo "2116"]

1. e4 d5 2. exd5 Qxd5 3. Nc3 Qa5 4. Bc4 Bf5 5. d3 c6 6. Bd2 Nf6 7. Nge2 e6 8.
Ne4 Qc7 9. Nxf6+ gxf6 10. Ng3 Bg6 11. Qf3 Nd7 12. Ne4 Bxe4 13. Qxe4 O-O-O 14.
O-O-O f5 15. Qe3 Kb8 16. Bc3 Rg8 17. g3 Bg7 18. Bxg7 Rxg7 19. a3 Nb6 20. Ba2 Rg4
21. h3 Ra4 22. c4 Nd7 23. Qh6 Qe5 24. Qxh7 Nc5 25. Bb1 Qe2 26. Bc2 Nxd3+ 27.
Bxd3 Rxd3 28. Qg8+ Kc7 29. Qxf7+ Kb6 30. Rhf1 Rxc4+ 0-1

[Event "AUTO-MASTER-1636"]
[Site "http://www.queenalice.com/game.php?id=1051696"]
[Date "2012.4.22"]
[Round "1"]
[White "sampaio2011"]
[Black "carlosfed"]
[Result "0-1"]
[WhiteElo "1917"]
[BlackElo "1866"]

1. d4 d5 2. Nf3 Bf5 3. e3 Nf6 4. Bd3 Bxd3 5. Qxd3 Nc6 6. O-O e6 7. Ne5 Nb4 8.
Qe2 c6 9. a3 Na6 10. c4 Be7 11. cxd5 Nxd5 12. Bd2 O-O 13. Nc3 Nxc3 14. Bxc3 Nc7
15. Rac1 Nd5 16. Bd2 f6 17. Nd3 Qe8 18. b4 b6 19. e4 Nc7 20. Be3 Nb5 21. a4 Nc7
22. Bd2 Rc8 23. Qg4 Kh8 24. Nf4 Qf7 25. Rxc6 Rfd8 26. Rfc1 f5 27. exf5 exf5 28.
Qf3 Bd6 29. Nd3 Rd7 30. Bf4 Bxf4 31. Nxf4 g6 32. h3 g5 33. Ne2 Rg8 34. d5 Nxd5
35. Rc8 h6 36. Rxg8+ Kxg8 37. b5 Kh7 38. Ng3 Nf4 0-1

[Event "AUTO-MASTER-1636"]
[Site "http://www.queenalice.com/game.php?id=1051701"]
[Date "2012.4.22"]
[Round "1"]
[White "araujox"]
[Black "sampaio2011"]
[Result "1-0"]
[WhiteElo "2279"]
[BlackElo "1919"]

1. d4 d5 2. Nf3 Nf6 3. c4 e6 4. Nc3 Be7 5. g3 b6 6. Bg2 Bb7 7. O-O O-O 8. cxd5
exd5 9. Bf4 Ne4 10. Rc1 Bd6 11. Ne5 f6 12. Nd3 a6 13. Nxe4 dxe4 14. Qb3+ Kh8 15.
Nc5 bxc5 16. Bxd6 cxd6 17. Qxb7 Nd7 18. Qxe4 Rb8 19. b3 Re8 20. Qd3 cxd4 21.
Qxa6 Nc5 22. Qc4 Qe7 23. Rfe1 Qe5 24. Rcd1 Ne6 25. e3 Rbc8 26. exd4 Qf5 27. Qd3
Qa5 28. a3 Qxa3 29. Bh3 Ng5 30. Bxc8 Rxc8 31. h4 Nf7 32. Re7 Nh6 33. Rde1 d5 34.
Re8+ 1-0

[Event "AUTO-MASTER-1636"]
[Site "http://www.queenalice.com/game.php?id=1051702"]
[Date "2012.4.22"]
[Round "1"]
[White "sampaio2011"]
[Black "araujox"]
[Result "0-1"]
[WhiteElo "2115"]
[BlackElo "2266"]

1. d4 Nf6 2. Nf3 d5 3. Bg5 e6 4. e3 Be7 5. Bd3 Nbd7 6. O-O O-O 7. Nbd2 c5 8. c4
dxc4 9. Nxc4 b6 10. Nce5 Bb7 11. Nxd7 Nxd7 12. Bf4 Rc8 13. Rc1 cxd4 14. Rxc8
Qxc8 15. exd4 Nf6 16. Be5 Qd7 17. Qe2 Rd8 18. h3 Bd5 19. b3 Qb7 20. Rc1 Rc8 21.
Rxc8+ Qxc8 22. Kh2 Nd7 23. Qe3 Nxe5 24. Nxe5 f6 25. Nf3 Bd6+ 26. g3 Qc6 27. Kg2
b5 28. h4 a6 29. h5 f5 30. Be2 Qc2 31. Kh3 Qxa2 32. h6 Qxb3 33. Qg5 Bf8 0-1

[Event "AUTO-MASTER-1637"]
[Site "http://www.queenalice.com/game.php?id=1052128"]
[Date "2012.4.24"]
[Round "1"]
[White "strutz"]
[Black "sampaio2011"]
[Result "1/2-1/2"]
[WhiteElo "2125"]
[BlackElo "2115"]

1. e4 d5 2. exd5 Qxd5 3. Nc3 Qa5 4. d4 c6 5. Bc4 Bf5 6. Nf3 Nf6 7. O-O e6 8. Bd2
Bb4 9. a3 Bxc3 10. Bxc3 Qc7 11. Ne5 Nbd7 12. Re1 O-O 13. Bd3 Bxd3 14. Qxd3 Rad8
15. Qf3 Nd5 16. Rad1 Nxc3 17. bxc3 Nxe5 18. Rxe5 Rd5 19. Rde1 Rfd8 20. h3 Rxe5
21. Rxe5 Rd5 22. Qd3 Rxe5 23. dxe5 g6 24. f4 Kf8 25. Kf2 Ke7 26. Ke2 Qd7 27. c4
Qxd3+ 28. cxd3 c5 29. a4 Kd7 30. Kd1 b6 31. g4 Kc6 32. Kc2 Kb7 33. g5 Ka6 34.
Kb3 Ka5 35. h4 Ka6 1/2-1/2

[Event "AUTO-MASTER-1637"]
[Site "http://www.queenalice.com/game.php?id=1052129"]
[Date "2012.4.24"]
[Round "1"]
[White "sampaio2011"]
[Black "strutz"]
[Result "0-1"]
[WhiteElo "2125"]
[BlackElo "2218"]

1. d4 Nf6 2. Nf3 g6 3. Bg5 Ne4 4. Bf4 Bg7 5. e3 d5 6. Bd3 Nd6 7. O-O O-O 8. Nbd2
Bg4 9. h3 Bxf3 10. Nxf3 Nc6 11. Ne5 Nxe5 12. dxe5 Nc4 13. Bxc4 dxc4 14. Qf3 c6
15. Rad1 Qb6 16. Qe4 Qb5 17. e6 f5 18. Qf3 Qxb2 19. Rb1 Qxc2 20. Rxb7 Bf6 21.
Qxc6 c3 22. Bh6 Rfd8 23. e4 Qxe4 24. Qb5 Qxe6 25. Rc1 Qxa2 26. Rd7 Rxd7 27. Qxd7
Kf7 28. Be3 a5 29. Bd4 Bxd4 30. Qxd4 c2 31. Qc3 a4 32. Rxc2 Qb3 33. Qd2 a3 34.
Ra2 Rc8 35. Kh2 h5 36. h4 Rc4 37. Qd5+ Kf6 38. Rd2 a2 0-1

[Event "AUTO-MASTER-1637"]
[Site "http://www.queenalice.com/game.php?id=1052142"]
[Date "2012.4.24"]
[Round "1"]
[White "sampaio2011"]
[Black "UKopra"]
[Result "1-0"]
[WhiteElo "2112"]
[BlackElo "1810"]

1. d4 Nf6 2. Nf3 e6 3. e3 b6 4. Bd3 Be7 5. Nbd2 Bb7 6. b3 O-O 7. Bb2 c5 8. O-O
d6 9. dxc5 bxc5 10. c4 Nc6 11. a3 Rb8 12. Qe2 Nd7 13. Rad1 f5 14. e4 Qe8 15.
exf5 exf5 16. Qe6+ Kh8 17. Bxf5 Bc8 18. Bc2 Nde5 19. Qd5 Bb7 20. Qe4 g6 21. Nxe5
Nd4 22. Nxg6+ hxg6 23. Qg4 g5 24. Qh3+ Kg7 25. Qh7+ Kf6 26. Nf3 Rf7 27. Qh6# 1-0

[Event "AUTO-MASTER-1637"]
[Site "http://www.queenalice.com/game.php?id=1052143"]
[Date "2012.4.24"]
[Round "1"]
[White "UKopra"]
[Black "sampaio2011"]
[Result "1-0"]
[WhiteElo "1838"]
[BlackElo "1939"]

1. d4 d5 2. c4 e6 3. Nc3 Nf6 4. cxd5 exd5 5. Bg5 Be7 6. e3 O-O 7. Bd3 Bg4 8. Qc2
h6 9. Bh4 c6 10. f3 Be6 11. Nge2 Nh5 12. Bf2 Bh4 13. g3 Be7 14. g4 Nf6 15. O-O-O
b5 16. Ng3 c5 17. h4 cxd4 18. Nxb5 Na6 19. exd4 Rc8 20. Nc3 Nb4 21. Qb1 Qa5 22.
a3 Nxd3+ 23. Rxd3 Nd7 24. Kd2 Nb6 25. Ke2 Nc4 26. Rc1 Bxh4 27. Nh1 Bg5 28. Rc2
Rfe8 29. Kf1 Qc7 30. Bg3 Bf4 31. Bxf4 Qxf4 32. Re2 Bxg4 33. Nxd5 1-0

[Event "AUTO-MASTER-1637"]
[Site "http://www.queenalice.com/game.php?id=1052144"]
[Date "2012.4.24"]
[Round "1"]
[White "sampaio2011"]
[Black "VladimirSpirin"]
[Result "0-1"]
[WhiteElo "1989"]
[BlackElo "2198"]

1. d4 b6 2. Nf3 Bb7 3. e3 g6 4. Bd3 Bg7 5. Nbd2 e6 6. b4 d6 7. Bb2 Ne7 8. c4 Nd7
9. Qc2 h6 10. O-O O-O 11. Rac1 Nf5 12. e4 Nh4 13. d5 Nxf3+ 14. Nxf3 e5 15. Nd2
a5 16. a3 axb4 17. axb4 Qe7 18. Ra1 Rfb8 19. Rxa8 Rxa8 20. Ra1 Qd8 21. Qb1 h5
22. Nb3 Bf8 23. Bc3 Qb8 24. Bd2 Ra7 25. Be3 Ra8 26. Qc1 Kh7 27. h3 Nf6 28. Rxa8
Qxa8 29. c5 bxc5 30. bxc5 Qa4 31. Qc2 Ne8 32. cxd6 cxd6 33. Qc3 Be7 34. Nd2 Bd8
35. Nf3 f6 36. Kh2 g5 37. Qb2 Qa8 38. Bb5 Ng7 39. Qb4 Bc7 40. Qc3 Qc8 41. Qd2
Kg6 42. Ne1 Bd8 43. Qb4 Bc7 44. Nd3 h4 45. Qb1 Nh5 46. Nb4 Qd8 47. Nc6 Qa8 0-1

[Event "AUTO-MASTER-1637"]
[Site "http://www.queenalice.com/game.php?id=1052145"]
[Date "2012.4.24"]
[Round "1"]
[White "VladimirSpirin"]
[Black "sampaio2011"]
[Result "1-0"]
[WhiteElo "2177"]
[BlackElo "2122"]

1. b3 Nf6 2. Bb2 d5 3. g3 Bf5 4. d3 e6 5. Bg2 Be7 6. e3 Nbd7 7. Ne2 O-O 8. h3 c6
9. Nd2 e5 10. g4 Bg6 11. Ng3 Qc7 12. e4 d4 13. a3 Rac8 14. O-O b5 15. Bc1 c5 16.
Nf3 Bd6 17. Nh4 c4 18. Ngf5 Bxf5 19. Nxf5 cxd3 20. cxd3 Rfd8 21. Nxd6 Qxd6 22.
Bd2 Rc6 23. Bb4 Qe6 24. Bd2 Rdc8 25. g5 Ne8 26. h4 Nc5 27. b4 Nxd3 28. Qf3 Nf4
29. Bxf4 exf4 30. Bh3 Qe5 31. Bxc8 Rxc8 32. Rac1 Rxc1 33. Rxc1 g6 34. Rc5 Qe6
35. Rd5 Nd6 36. Rxd4 Nc4 37. Rd5 Kg7 38. Rxb5 Qa6 39. Qc3+ 1-0